| Registos Bibliográficos associados ao registo de autoridade |
|
Etiqueta de registo: 00254nam 2200025 450 001 2284409 003 http://id.bnportugal.gov.pt/bib/catbnp/2284409 100 ## $a20260414d2025 k y0pory01030103ba 101 0# $aeng$dpor 102 ## $aPT 105 ## $aa m 000yy 106 ## $ar 200 1# $aNext-generation tools for the environmental monitoring of cyanobacteria in Portuguese
freshwater systems$fRita Afonso de Moura Mendes$gsupervisor Agostinho Antunes, Vítor Vasconcelos 210 #9 $aPorto$c[s.n.],$d2025 215 ## $aXXIV, 154 p.$cil.$d30 cm 300 ## $aAcesso não autorizado pelo período de 3 anos 312 ## $aTít. da capa: Next-generation tools for the environmental monitoring of key cyanobacteria
in Portuguese freshwater systems 328 #1 $aTese dout. Biology, Faculdade de Ciências, Universidade do Porto, 2025 512 1# $aNext-generation tools for the environmental monitoring of key cyanobacteria in Portuguese
freshwater systems 675 ## $a574.64(043)$vBN$zpor$31230440 675 ## $a579.81(043)$vBN$zpor$31291120 675 ## $a556.5(469)(043)$vBN$zpor$31369932 700 #1 $aMendes,$bRita Afonso de Moura$31995723 702 #1 $aAntunes,$bAgostinho$4727$31051852 702 #1 $aVasconcelos,$bVítor$4727$3182554 801 #0 $aPT$bBN$gRPC 966 ## $lBN$mFGMON$sS.A. 193714 V.$x1 971 ## $cssilva$d20260414 972 ## $e0$z0$d20260430$vasantos 973 ## $cmlsousa$d20260428
|
|
|